Cambridge international As and A level mathematics pure mathematics1
Saved in:
| Main Author: | |
|---|---|
| Format: | Book |
| Language: | English |
| Published: |
Cambridge University Press
2017
|
| Tags: |
Add Tag
No Tags, Be the first to tag this record!
|
MARC
| LEADER | 00000nam a22000007a 4500 | ||
|---|---|---|---|
| 008 | 210419b ||||| |||| 00| 0 eng d | ||
| 020 | |a 978-1-316-60020-7 | ||
| 100 | |a NEILL, Hugh | ||
| 245 | |a Cambridge international As and A level mathematics |b pure mathematics1 |c Hugh Neill, Douglas Quadling and Julian Gilbey |g xiii: 346p | ||
| 250 | |b Revised ed. | ||
| 260 | |b Cambridge University Press |c 2017 |h New York |i 690888 |i 690889 |l QA303 .N31 |m Calculus. | ||
| 942 | |a lcc |c BK |e ADEKANYE, I. H. |f 19/04/2021 | ||
| 952 | |0 0 |1 0 |2 lcc |4 0 |6 QA0303 N31 |7 0 |9 2197 |a HOL |b HOL |c QZ |d 2021-04-19 |l 0 |o QA303 .N31 |p 2021-6051 |r 2021-04-19 00:00:00 |w 2021-04-19 |y BK | ||
| 952 | |0 0 |1 0 |2 lcc |4 0 |6 QA0303 N31 |7 0 |9 2198 |a HOL |b HOL |c QZ |d 2021-04-19 |l 0 |o QA303 .N31 |p 2021-6052 |r 2021-04-19 00:00:00 |w 2021-04-19 |y BK | ||
| 999 | |c 1146 |d 1146 | ||